LEADER 01537nam 2200385Ia 450 001 996384958103316 005 20200824120517.0 035 $a(CKB)4940000000068762 035 $a(EEBO)2240924653 035 $a(UnM)99897557e 035 $a(UnM)99897557 035 $a(EXLCZ)994940000000068762 100 $a19940826d1643 uh | 101 0 $aeng 135 $aurbn||||a|bb| 200 10$aDie Martis, 21. Februarii, 1642. Wheras [sic] in these times of eminent danger, there is by order of Parliament a fleet preparing ..$b[electronic resource] 210 $aLondon $cprinted for John Wright, dwelling in the Old-Bailey$d1642. [i.e. 1643] 215 $a1 sheet ([1] p.) 300 $aThe imprint year is given according to Lady Day dating. 300 $aTitle includes first lines of text. 300 $aA great fleet is being prepared which must be speedily manned. No ships are to leave the Thames till the fleet is manned, .. -- Steele. 300 $aReproduction of original in the Folger Shakespeare Library. 330 $aeebo-0055 606 $aEmbargo$vEarly works to 1800 607 $aGreat Britain$xHistory$yCivil War, 1642-1649$vEarly works to 1800 615 0$aEmbargo 801 0$bCu-RivES 801 1$bCu-RivES 801 2$bCStRLIN 801 2$bCu-RivES 801 2$bWaOLN 906 $aBOOK 912 $a996384958103316 996 $aDie Martis, 21. Februarii, 1642. Wheras in these times of eminent danger, there is by order of Parliament a fleet preparing .$92324006 997 $aUNISA LEADER 03099uam 2200409 a 450 001 9910792857103321 005 20210111171039.0 010 $a1-5230-8262-3 035 $a(CKB)3710000001132907 035 $a(CaSebORM)9781523082629 035 $a(MiAaPQ)EBC4790780 035 $a(BIP)056988926 035 $a(EXLCZ)993710000001132907 100 $a20280818d2017 uy 101 0 $aeng 135 $aurcn| ||||| 181 $ctxt$2rdacontent 182 $cc$2rdamedia 183 $acr$2rdacarrier 200 10$aConflict without Casualties, 2nd Edition$b[electronic resource] /$fRegier, Nate 205 $a2nd edition 210 1$cBerrett-Koehler Publishers,$d2017. 215 $a1 online resource (224 pages) 311 $a1-5230-8260-7 327 $aAcknowledgments -- Introduction -- Conflict with casualties : drama is killing us -- Conflict -- Drama -- But I'm just trying to help -- A framework for positive con-flict : compassionate accountability can change the world -- Compassion : not for the faint of heart -- Compassion and the cycles of human civilization : will we get it right this time -- Conflict without casualties users manual : putting next element's compassion cy-cle to work -- Violators will be prosecuted : three rules of the compassion cycle -- Warning! drama approaching! : three leading indicators -- It's all about choices : three choices to move -- Coaching accountability when there's no drama : match and move -- The formula for compassionate con-flict : confronting drama with compassion-ate accountability -- Conflict without casualties : preparing to struggle with -- Glossary of terms -- Appendix A: Personal development guide -- Appendix B: Preparing for conflict: building my ORPO bank -- Notes. 330 $aMake Conflict Your Partner for Positive Change! Clinical psychologist and transformative communication expert Dr. Nate Regier believes that the biggest energy crisis facing our world is the misuse of conflict. Most organizations are terrified of conflict, seeing it as a sign of trouble. But conflict isn't the problem, says Regier. It's all about how we use the energy. When people misuse conflict energy, it becomes drama: they struggle against themselves or each other to feel justified about their negative behavior. The cost to companies, teams, and relationships is staggering. The alternative, says Regier, is compassionate accountability: struggling with others through conflict. Discover the Compassion Cycle, an elegant model for balancing empathy, care, and transparency with boundaries, goals, and standards. Provocative, illuminating, and highly practical, this book helps us avoid the casualties of conflict through openness, resourcefulness, and persistence. 610 $aLeadership 610 $aConflict Management 610 $aResponsibility 610 $aBusiness & Economics 610 $aPsychology 676 $a658.3/145 700 $aRegier$b Nate$01541557 906 $aBOOK 912 $a9910792857103321 996 $aConflict without Casualties, 2nd Edition$93823666 997 $aUNINA LEADER 02876nas 2200925- 450 001 9910144876103321 005 20241021213016.0 011 $a1993-0402 035 $a(DE-599)ZDB2325040-9 035 $a(OCoLC)67617789 035 $a(CKB)1000000000241445 035 $a(CONSER)--2019207900 035 $a(EXLCZ)991000000000241445 100 $a20060425a20039999 s-- a 101 0 $aeng 135 $aurun||||||||| 181 $ctxt$2rdacontent 182 $cc$2rdamedia 183 $acr$2rdacarrier 200 00$aChinese journal of integrative medicine 210 1$a[Berlin] :$cSpringer Berlin Heidelberg 300 $aRefereed/Peer-reviewed 311 $a1672-0415 517 1 $aChin J Integr Med 517 1 $aCJIM 531 $aCHIN J INTEGR MED 531 $aZHONGGUO ZHONGXIYI JIEHEZAZHI (YINGWENBAN) 531 $a???????? (???) 531 $aCHIN. J. INTEGR. MED 531 $aENG 606 $aMedicine$vPeriodicals 606 $aMedicine$zChina$vPeriodicals 606 $aMedicine, Chinese$vPeriodicals 606 $aIntegrative medicine$vPeriodicals 606 $aMedicine, Chinese 606 $aMedicine, Chinese Traditional 606 $aDrugs, Chinese Herbal$xtherapeutic use 606 $aMédecine$vPériodiques 606 $aMédecine$zChine$vPériodiques 606 $aMédecine chinoise$vPériodiques 606 $aMédecine intégrative$vPériodiques 606 $aMédecine chinoise 606 $aIntegrative medicine$2fast 606 $aMedicine$2fast 606 $aMedicine, Chinese$2fast 606 $aMedicina$2thub 606 $aMedicina xinesa$2thub 607 $aChina$2fast$1https://id.oclc.org/worldcat/entity/E39PBJdCqh8h6hJY7PT6MQW4bd 607 $aXina$2thub 608 $aPeriodical. 608 $aperiodicals.$2aat 608 $aPeriodicals$2fast 608 $aPeriodicals.$2lcgft 608 $aPériodiques.$2rvmgf 608 $aRevistes electròniques.$2thub 615 0$aMedicine 615 0$aMedicine 615 0$aMedicine, Chinese 615 0$aIntegrative medicine 615 0$aMedicine, Chinese. 615 12$aMedicine, Chinese Traditional. 615 22$aDrugs, Chinese Herbal$xtherapeutic use. 615 6$aMédecine 615 6$aMédecine 615 6$aMédecine chinoise 615 6$aMédecine intégrative 615 6$aMédecine chinoise. 615 7$aIntegrative medicine 615 7$aMedicine 615 7$aMedicine, Chinese 615 7$aMedicina. 615 7$aMedicina xinesa. 676 $a610.5 712 02$aZhongguo Zhong xi yi jie he xue hui, 712 02$aZhongguo Zhong yi yan jiu yuan, 712 02$aHong Kong Association for Health Care, 906 $aJOURNAL 912 $a9910144876103321 996 $aChinese journal of integrative medicine$92172913 997 $aUNINA